Score 0/26 Timer 03:00
4 Plays Today
Distance Country % Correct
6,204 kmUnited States
94.2%
3,720 kmArgentina
90.9%
3,704 kmPeru
90.2%
4,260 kmBrazil
89.7%
3,471 kmEcuador
87.8%
4,546 kmColombia
87%
4,947 kmMexico
86.4%
4,819 kmPanama
83.3%
5,534 kmVenezuela
81.3%
4,201 kmBolivia
81%
4,712 kmParaguay
79.7%
4,877 kmUruguay
78.3%
4,338 kmCosta Rica
76.4%
Distance Country % Correct
2,546 kmFrance
74.1%
5,047 kmHonduras
73.9%
4,980 kmEl Salvador
72.8%
4,945 kmNicaragua
72.5%
1,910 kmUnited Kingdom
71.9%
4,958 kmGuatemala
71.2%
5,245 kmBelize
68.6%
6,195 kmGuyana
67.7%
4,903 kmNew Zealand
65.4%
6,037 km Cuba
57.9%
6,043 kmJamaica
51.2%
4,674 kmKiribati
42.3%
6,106 kmNetherlands
34.4%

You're not logged in!

Compare scores with friends on all Sporcle quizzes.
OR
Log In

Sporcle TV

Today on Sporcle TV


Watch our educational content, quiz creation guides, and fun videos on Sporcle TV.

Show Comments

Extras

Top Quizzes Today


Score Distribution

Paid Content

Your Account Isn't Verified!

In order to create a playlist on Sporcle, you need to verify the email address you used during registration. Go to your Sporcle Settings to finish the process.

Report this User

Report this user for behavior that violates our Community Guidelines.

Details: